[Event "Cochabamba op 6th"]
[Site "Cochabamba"]
[Date "2023.03.03"]
[Round "3"]
[White "Lilienfeld Quevedo, Daniel"]
[Black "Rodriguez Barrientos, Johan Raziel"]
[Result "1-0"]
[WhiteElo "1498"]
[BlackElo "1265"]
[PlyCount "113"]
[EventDate "2023.03.02"]
[EventType "swiss"]
[EventRounds "7"]
[EventCountry "BOL"]
[SourceTitle "CBM 213 Extra"]
[Source "ChessBase"]
[SourceDate "2023.05.31"]
[SourceVersion "1"]
[SourceVersionDate "2023.05.31"]
[SourceQuality "1"]

1. Nf3 Nf6 2. d4 d6 3. c4 Nbd7 4. Nc3 e5 5. e4 g6 6. Bg5 Bg7 7. Be2 c6 8. 0-0 0-0 9. Qd2 Re8 10. Rfd1 Qc7 11. dxe5 dxe5 12. b4 Nf8 13. h3 Qb6 14. b5 Ne6 15. Be3 Qc7 16. Rac1 c5 17. Nd5 Qb8 18. Bd3 Nd4 19. Nxd4 exd4 20. Bf4 Re5 21. Bxe5 Qxe5 22. f4 Qh5 23. e5 Nd7 24. Be4 g5 25. Rf1 gxf4 26. Qxf4 Bxe5 27. Qf2 Nf8 28. g4 Bxg4 29. hxg4 Qxg4+ 30. Qg2 Qxg2+ 31. Kxg2 a6 32. b6 Ne6 33. Rf5 Bg7 34. Rcf1 Nd8 35. Nc7 Rc8 36. Rxc5 Bf8 37. Re5 Rb8 38. Rg5+ Bg7 39. Rh1 h6 40. Rxh6 Kf8 41. Rh7 Bf6 42. Rf5 Be7 43. Rfh5 Bf6 44. Nd5 Bg7 45. Bf5 d3 46. Bxd3 Ne6 47. Rh8+ Bxh8 48. Rxh8+ Kg7 49. Rxb8 Nc5 50. Bc2 a5 51. Ra8 Na6 52. Rxa6 bxa6 53. b7 f6 54. b8Q Kh6 55. Qg8 Kh5 56. Nf4+ Kh4 57. Qg3# 1-0

[Event "BOL-ch U20"]
[Site "Cochabamba"]
[Date "2022.05.14"]
[Round "4"]
[White "Rodriguez Barrientos, Johan Raziel"]
[Black "Mayta Aiza, Vicmar"]
[Result "0-1"]
[WhiteElo "1111"]
[BlackElo "1650"]
[PlyCount "118"]
[EventDate "2022.05.13"]
[EventType "swiss"]
[EventRounds "7"]
[EventCountry "BOL"]
[SourceTitle "EXT 2023"]
[Source "ChessBase"]
[SourceDate "2022.10.05"]
[SourceVersion "1"]
[SourceVersionDate "2022.10.05"]
[SourceQuality "1"]

1. e4 c5 2. d4 cxd4 3. c3 d3 4. Nf3 Nc6 5. Bxd3 d6 6. Bc4 Nf6 7. e5 dxe5 8. Qxd8+ Nxd8 9. Nxe5 Be6 10. Bb5+ Nd7 11. Bxd7+ Bxd7 12. Nxd7 Kxd7 13. 0-0 Nc6 14. Rd1+ Kc7 15. Bf4+ e5 16. Bg3 h5 17. h4 f5 18. f4 Bc5+ 19. Kh2 Bd6 20. fxe5 Bxe5 21. Na3 Rad8 22. Nc4 Bxg3+ 23. Kxg3 Rhe8 24. Rxd8 Nxd8 25. Rd1 Nf7 26. Rd3 Re4 27. Nd2 Rg4+ 28. Kh3 g5 29. hxg5 Nxg5+ 30. Kh2 Ne4 31. Nxe4 Rxe4 32. Rd2 Kc6 33. Rf2 f4 34. b4 Kb5 35. Kh3 Re3+ 36. Rf3 Rxf3+ 37. gxf3 Kc4 38. Kh4 Kxc3 39. Kxh5 Kxb4 40. Kg4 Ka3 41. Kxf4 Kxa2 42. Ke4 b5 43. f4 b4 44. f5 b3 45. f6 b2 46. f7 b1Q+ 47. Ke5 Qb8+ 48. Ke6 a5 49. Ke7 a4 50. f8Q Qxf8+ 51. Kxf8 a3 52. Ke7 Kb3 53. Ke6 a2 54. Ke5 a1Q+ 55. Ke4 Kc4 56. Ke3 Qe5+ 57. Kf2 Kd3 58. Kf1 Qh2 59. Ke1 Qe2# 0-1